书目信息 |
| 题名: |
5G边缘云计算
|
|
| 作者: | 谢朝阳 编著 | |
| 分册: | ||
| 出版信息: | 北京 电子工业出版社 2020 |
|
| 页数: | 22,317页 | |
| 开本: | 26cm | |
| 丛书名: | ||
| 单 册: | ||
| 中图分类: | TN929.5 , TP393.027 | |
| 科图分类: | ||
| 主题词: | 无线电通信--移动网--云计算 | |
| 电子资源: | ||
| ISBN: | 978-7-121-39335-8 | |
| 000 | 01128nam0 2200265 450 | |
| 001 | 2131424226 | |
| 005 | 20211117084348.90 | |
| 010 | @a978-7-121-39335-8@dCNY79.00 | |
| 100 | @a20200928d2020 em y0chiy50 ea | |
| 101 | 0 | @achi |
| 102 | @aCN@b110000 | |
| 105 | @aa z 000yy | |
| 200 | 1 | @a5G边缘云计算@95G bian yuan yun ji suan@e规划、实施、运维@f谢朝阳编著 |
| 210 | @a北京@c电子工业出版社@d2020 | |
| 215 | @a22,317页@c图,照片@d26cm | |
| 300 | @a工业和信息产业科技与教育专著出版资金资助出版 | |
| 312 | @a封面英文题名:Edge cloud computing in 5G: mobile networks planning, deployment, and operations | |
| 330 | @a本书通过展现国内外5G边缘云计算一线的实际案例,从经济价值、商业模式、网络拓扑、系统框架、安全防护、人员能力和后续运维管理多个维度,以及基础设施、中间件、重点应用等多个层面进行阐述,将5G边缘云计算概念落地。 | |
| 510 | 1 | @aEdge cloud computing in 5G@emobile networks planning, deployment, and operations@zeng |
| 606 | 0 | @a无线电通信@x移动网@x云计算 |
| 690 | @aTN929.5@v5 | |
| 690 | @aTP393.027@v5 | |
| 701 | 0 | @a谢朝阳@9xie zhao yang@4编著 |
| 801 | 0 | @aCN@b山东中教@c20211112 |
| 905 | @aZUCC@dTN929.5@e19 | |
| 5G边缘云计算:规划、实施、运维/谢朝阳编著.-北京:电子工业出版社,2020 |
| 22,317页:图,照片;26cm |
| 工业和信息产业科技与教育专著出版资金资助出版 |
| ISBN 978-7-121-39335-8:CNY79.00 |
| 本书通过展现国内外5G边缘云计算一线的实际案例,从经济价值、商业模式、网络拓扑、系统框架、安全防护、人员能力和后续运维管理多个维度,以及基础设施、中间件、重点应用等多个层面进行阐述,将5G边缘云计算概念落地。 |
| ● |
| 相关链接 |
|
|
|
正题名:5G边缘云计算
索取号:TN929.5/19
 
预约/预借
| 序号 | 登录号 | 条形码 | 馆藏地/架位号 | 状态 | 备注 |
| 1 | 2000890047 | 2000890047 | 第三书库/ [索取号:TN929.5/19] | 在馆 | |
| 2 | 2000890048 | 2000890048 | 第三书库/ [索取号:TN929.5/19] | 在馆 | |
| 3 | 2000890049 | 2000890049 | 第三书库/ [索取号:TN929.5/19] | 在馆 |